Statistiche per Primi 15 paesi interessati da Covid-19 - 21 settembre

Clicka qui per fare il quiz!

Statistiche generali

  • Questo quiz è stato fatto 3 volte
  • Il punteggio medio è 11 su 24

Statistiche sulle risposte

paese% Corretto
Brasile
100%
Francia
100%
Regno Unito
100%
Russia
100%
Spagna
100%
Stati Uniti
100%
Sudafrica
100%
Argentina
50%
Cile
50%
Cile
50%
Colombia
50%
India
50%
Iran
50%
Messico
50%
Perù
50%
Armenia
0%
Bahrain
0%
Bangladesh
0%
Costa Rica
0%
Israele
0%
Kuwait
0%
Oman
0%
Panama
0%
Qatar
0%

Distribuzione punteggi

Percentile per numero di risposta

Percentuale di utenti per punteggio

I tuoi punteggi nel tempo

Non hai fatto questo quiz